| 000 | 01127cam a22003014a 4500 | ||
|---|---|---|---|
| 001 | 11874046 | ||
| 003 | NUST - PNEC | ||
| 005 | 20170116180848.0 | ||
| 008 | 991221s2000 njua b 001 0 eng | ||
| 010 | _a 99086230 | ||
| 020 | _a8129701421 | ||
| 020 | _a0139553118 | ||
| 040 |
_aDLC _cLIBRARY _dDLC |
||
| 042 | _apcc | ||
| 050 | 0 | 0 |
_aQC21.2 _b.B478 2000 |
| 082 | 0 | 0 | _a539 BER |
| 100 | 1 |
_aBernstein, Jeremy, _d1929-. |
|
| 245 | 1 | 0 |
_aModern physics / _cJeremy Bernstein, Paul M. Fishbane, Stephen Gasiorowicz. |
| 260 |
_aUpper Saddle River, NJ./New Delhi: _bPrentice Hill/Pearson Education, _cc2000. |
||
| 300 |
_axix, 602 p. : _bill. (some col.) ; _c26 cm. |
||
| 504 | _aIncludes bibliographical references (p. 587-589) and index. | ||
| 650 | 0 |
_aPhysics. _xME |
|
| 700 | 1 | _aFishbane, Paul M. | |
| 700 | 1 | _aGasiorowicz, Stephen. | |
| 906 |
_a7 _bcbc _corignew _d1 _eocip _f19 _gy-gencatlg |
||
| 942 |
_2ddc _cBK |
||
| 999 |
_c64524 _d64524 |
||